Statistiques concernant Monarchies du globe [FR]

Cliquez ici pour prendre le quiz!

Statistiques générales

  • Ce quiz a été pris 76 fois
  • Le résultat moyen est 22 sur 29

Statistiques - réponses

TitreMonarquePays% Correct
ReineElizabethRoyaume-Uni /
Royaumes du Commonwealth
97%
PapeFrançoisVatican
95%
RoiFelipeEspagne
94%
PrinceAlbertMonaco
92%
RoiSalmanArabie Saoudite
91%
RoiMohammedMaroc
91%
RoiPhilippeBelgique
89%
ReineMargretheDanemark
88%
RoiHaraldNorvège
88%
RoiCharles-GustaveSuède
88%
ÉmirTamimQatar
86%
Co-PrinceEmmanuel &
Joan-Enric
Andorre
84%
ÉmirMultiple (7)Émirats arabes unis
84%
EmpereurNaruhitoJapon
81%
Grand-DucHenriLuxembourg
77%
SultanHaithamOman
77%
RoiGuillaume-AlexandrePays-Bas
73%
ÉmirNawafKoweït
72%
RoiVajiralongkornThaïlande
72%
SultanHassanalBrunei
70%
RoiHamedBahreïn
69%
RoiMswatiEswatini
67%
PrinceHans-AdamLiechtenstein
67%
RoiAbdullahJordanie
61%
RoiSihamoniCambodge
59%
RoiLetsieLesotho
45%
Yang di-Pertuan
Agong (roi)
AbdullahMalaisie
44%
RoiTupouTonga
36%
RoiKhesarBouthan
16%

Distribution des résultats

Percentile par nombre de réponses

% des personnes avec chaque résultat

Votre développement - résultats

Vous n’avez pas pris ce quiz